LEADER 00810nam a2200217 i 4500 001 000000162762 003 CaOOAMICUS 005 20070706000000.0 008 070706s1937 it u000 u ita u 013 $a140126 040 $aSeMil$bita 100 1 $aAngelini, Cesare,$c.$0(OLS)http://semarc/name/18192 245 10$aInvito in Terrasanta /$cCesare Angelini. 260 $aPavia :$bÀncora,$c1937. 300 $a141 p. ;$c19 cm. 650 4$aPalestina - Descrizioni e viaggi.$0(OLS)http://semarc/subject/2506 850 $aSeMil 852 $aSeMil$W1$xVenegono$y1$m4Y I 25$j244102$B114090$CSeMilBibl$Z2$F124917 $81 961 $aRecupero: Altro 996 $6245$aInvito in Terrasanta$9(OLS)http://semarc/title/225596 996 $6260$aPavia :$bÀncora$9(OLS)http://semarc/publisher/48452 LEADER 01320nam a2200277 i 4500 001 000000214808 003 CaOOAMICUS 005 20201102102401.0 008 120803s1878 fr u000 u mul u 013 $a193680 040 $aSeMil$bita 100 0 $aEuripides,$d<485-406 a.C.>.$0(OLS)http://semarc/name/979 245 10$aFragmenta Euripidis /$citerum edidit, perditorum tragicorum omnium nunc primum collegit Fr. Guil. Wagner. Christus patiens, Ezechieli et Christianorum poetarum reliquiae dramaticae / ex codicibus emendavit et annotatione critica instruxit Fr. Dübner. 260 $aParisiis :$bA. Firmin Didot,$c1878. 300 $a1 v. (paginazione varia) ;$c26 cm. 500 $aTesto greco con trad. latina a fronte. - Testo su due colonne. 700 1 $aDübner, Friedrich.$0(OLS)http://semarc/name/76370 700 1 $aWagner, Friedrich Wilhelm.$0(OLS)http://semarc/name/76380 830 0$aScriptorum graecorum bibliotheca.$0(OLS)http://semarc/title/36764 850 $aSeMil 852 $aSeMil$W1$xVenegono$y1$m1Y IV 17 FA$j165229$B165229$CSeMilBibl$Z2$F176211 $8I 900 1 $aEuripide. 996 $6245$aFragmenta Euripidis$9(OLS)http://semarc/title/309463 996 $6260$aParisiis :$bA. Firmin Didot$9(OLS)http://semarc/publisher/52870